Countries Containing V - Statistics

General Stats
  • This quiz has been taken 1,919 times
  • The average score is 12 of 18
Answer Stats
Country % Correct
Venezuela
95%
Vanuatu
89%
Vietnam
89%
Vatican City
86%
Tuvalu
71%
Latvia
67%
Saint Vincent and the Grenadines
67%
Slovakia
65%
Slovenia
65%
Bolivia
63%
Moldova
57%
Bosnia and Herzegovina
54%
Kosovo
52%
Saint Kitts and Nevis
51%
Maldives
50%
El Salvador
48%
Cote d'Ivoire
47%
Cape Verde
45%
No matching quizzes found
Score Distribution
Percent of People with Each Score
Percentile by Number Answered
Your Score History
You have not taken this quiz